|
|
|
|
| LEADER |
00000caa a22000002c 4500 |
| 001 |
1640794395 |
| 003 |
DE-627 |
| 005 |
20220608132626.0 |
| 007 |
tu |
| 008 |
141016s1979 xx ||||| 00| ||ger c |
| 035 |
|
|
|a (DE-627)1640794395
|
| 035 |
|
|
|a (DE-576)41567591X
|
| 035 |
|
|
|a (DE-599)BSZ41567591X
|
| 040 |
|
|
|a DE-627
|b ger
|c DE-627
|e rakwb
|
| 041 |
|
|
|a ger
|
| 100 |
1 |
|
|a Jäger, Joachim
|d 1938-
|0 (DE-588)13046127X
|0 (DE-627)501635556
|0 (DE-576)298209853
|4 aut
|
| 109 |
|
|
|a Jäger, Joachim 1938-
|
| 245 |
1 |
0 |
|a Viktimologie und Verbrechensbekämpfung
|c Joachim Jäger
|
| 264 |
|
1 |
|c 1979
|
| 336 |
|
|
|a Text
|b txt
|2 rdacontent
|
| 337 |
|
|
|a ohne Hilfsmittel zu benutzen
|b n
|2 rdamedia
|
| 338 |
|
|
|a Band
|b nc
|2 rdacarrier
|
| 773 |
0 |
8 |
|i In
|a Polizei-Führungsakademie
|t Schriftenreihe der Polizei-Führungsakademie
|d Dresden : Sächsisches Dr.- und Verl.-Haus, 1974
|g (1979), Seite 209-221
|w (DE-627)130904945
|w (DE-600)1046316-1
|w (DE-576)024997099
|x 0720-6283
|
| 773 |
1 |
8 |
|g year:1979
|g pages:209-221
|
| 951 |
|
|
|a AR
|
| ELC |
|
|
|b 1
|
| LOK |
|
|
|0 000 xxxxxcx a22 zn 4500
|
| LOK |
|
|
|0 001 3302935358
|
| LOK |
|
|
|0 003 DE-627
|
| LOK |
|
|
|0 004 1640794395
|
| LOK |
|
|
|0 005 20141016114453
|
| LOK |
|
|
|0 008 141016||||||||||||||||ger|||||||
|
| LOK |
|
|
|0 040
|a DE-21-110
|c DE-627
|d DE-21-110
|
| LOK |
|
|
|0 689
|a s
|a Kriminalitätsbekämpfung
|
| LOK |
|
|
|0 689
|a s
|a Viktimologie
|
| LOK |
|
|
|0 852
|z Kein Bestand am IfK; Nachweis für KrimDok
|
| LOK |
|
|
|0 852
|a DE-21-110
|
| LOK |
|
|
|0 852 1
|m v
|9 00
|
| LOK |
|
|
|0 935
|a k110
|
| LOK |
|
|
|0 938
|k v
|
| LOK |
|
|
|0 939
|a 16-10-14
|b l01
|
| ORI |
|
|
|a SA-MARC-krimdoka001.raw
|